000 00255nam a2200109Ia 4500
008 221009s9999 xx 000 0 und d
082 _a780/RAZ
100 _aRAZDAN,VIJAY BAZAZ
_981264
245 0 _aHINDUSTANI RAGAS
260 _bB.R. RHYTHMS
942 _cBK
999 _c64888
_d64888